| 000 | 02154cam a22005414i 4500 | ||
|---|---|---|---|
| 003 | PE-LiUPU | ||
| 005 | 20250731170435.0 | ||
| 008 | 150625s1991 sp r 000 0 spa d | ||
| 035 | _a(Sirsi) a30921 | ||
| 040 |
_aPE-LiUPU _bspa _cPE-LiUPU _erda |
||
| 049 | _aPRUA | ||
| 082 | 0 | 4 |
_a123.3 _bE _221 |
| 100 | 1 |
_aHegel, G. W. F., _eautor. |
|
| 245 | 1 | 0 |
_aEscritos pedagógicos / _cG. W. F. Hegel. |
| 264 | 1 |
_aMadrid : _bFondos de cultura económica, _c1991. |
|
| 300 | _a | ||
| 336 |
_atext _2rdacontent |
||
| 337 |
_aunmediated _2rdamedia |
||
| 338 |
_avolume _2rdacarrier |
||
| 505 | 0 | _aHegel y el problema de la educación. - Discursos de Nuremberg: Discurso del 29 de setiembre de 1809, Discurso del 14 de setiembre de 1810, Discurso del 2 de setiembre de 1811, Discurso del 2 de setiembre de 1813, Discurso del 30 de agosto de 1815. - Informes pedagógicos: Acerca de la exposición de la filosofía en los gimnasios, Acerca de la enseñanza de la filosofía en los gimnasios, Acerca de la exposición de la filosofia en universidades, Informe acerca de la posición del instituto real respecto a los demas institutos de enseñanza. - Apéndices: Carta de Hegel a Niethammer, Teoria del derecho, los deberes y la religión para la clase inferior. Deberes para consigo. | |
| 526 | _aSEG68 | ||
| 526 | _aSEG70 | ||
| 526 | _aSEG69 | ||
| 526 | _aSEG67 | ||
| 526 | _aSEG43 | ||
| 526 | _aP144 | ||
| 526 | _aP143 | ||
| 526 | _aP131 | ||
| 526 | _aP122 | ||
| 526 | _aP120 | ||
| 526 | _aP117 | ||
| 526 | _aP112 | ||
| 526 | _aP110 | ||
| 526 | _aP106 | ||
| 526 | _aP101 | ||
| 526 | _aP80 | ||
| 526 | _aP59 | ||
| 526 | _aP54 | ||
| 526 | _aP35 | ||
| 526 | _aP33 | ||
| 526 | _aP30 | ||
| 942 |
_2ddc _cBOOK |
||
| 949 |
_a123.3 E _wDEWEY _c1 _i38305 _lCCODEBUL1 _mBUL _p00.00 _r0 _sY _tBOOK _u2015-06-25 _xBIBLIOTECA _zUNKNOWN _0COMPRA _o.STAFF. Colección General |
||
| 994 |
_aC0 _bPEPRU |
||
| 596 | _a1 | ||
| 999 |
_a123.3 E _wDEWEY _c38418 _i38305 _d38418 _e2017-3-19 _f2021-11-3 _g5 _lCCODEBUL1 _mBUL _n2 _r0 _sY _tBOOK _u2015-6-25 _xSALUD _zUNKNOWN _0COMPRA _o.STAFF. Colección General |
||
| 980 |
_81 _gALBERTO SANCHEZ Responsable de Automatización |
||